000 00801nam a22002177a 4500
005 20180613162222.0
010 _a1718EN-30 ENG-121690 B-689209-226
020 _a9789381695388
_c495.00
035 _aEN-105222
035 _aB-689209-226
037 _bGAPD
_adpl
082 _a915.4
100 _aChatterjee, Rupali
245 _aGeography of India /
_cby Rupali Chatterjee
260 _aNew Delhi
_bGAPD
_c2015
270 _a20, Ansari Road, Darya Ganj,
_bNew Delhi
_e110002
300 _aviii,588p.
_c23cm(pbk)
500 _aIncludes bibliographical references and index
942 _2ddc
_cEN
_hCHA
_k915.4
999 _c146173
_d146173